Minnesota Monthly

Bibliographic Details
Format: eBook
Language:English
Published: Minnesota : Minnesota Monthly Publications, 2004 -
Subjects:
Online Access:Acceso restringido

MARC

LEADER 00000nam a22000007a 4500
005 2014111902162.0
007 cr|||| ||||
008 141119c20049999us |||| s|||| 0|||a1eng d
022 |a 0739-8700  
035 |a 4419 
040 |a vLex 
090 |c 5294  |d 5294 
245 0 0 |a Minnesota Monthly  |h [Recurso electrn̤ico] 
256 |a Servicio en ln̕ea 
260 |a Minnesota :  |b Minnesota Monthly Publications,  |c 2004 -  
300 |a 1 recurso electrn̤ico 
362 |a Nm︢. 1 (2004) - 
506 1 |a Contenido disponible en los productos indicados  |d vLex Global  |d vLex Global (Academic Edition, excluding Law Schools)  |d vLex Global (U.S. Academic Edition, excluding Law Schools) 
650 0 4 |a Perid̤icos  |z Estados Unidos 
740 0 |a vLex Revistas (Servicio en ln̕ea) 
856 4 0 |u http://vlex.com/source/minnesota-monthly-4419  |z Acceso restringido 
942 |c REV 
999 0 |a Newspapers